Marketing <A> Contemporary Analysis
Salvato in:
| Natura: | Libro |
|---|---|
| Lingua: | inglese |
| Pubblicazione: |
New York
MacGraw-Hill
1972
|
| Edizione: | 2. ed. |
| Soggetti: | |
| Tags: |
Nessun Tag, puoi essere il primo ad aggiungerne!!
|
MARC
| LEADER | 00000nam a2200000 4500 | ||
|---|---|---|---|
| 001 | c001080 | ||
| 005 | 20221220103558.2 | ||
| 020 | |a 07-009477-2 | ||
| 041 | 0 | |a eng | |
| 044 | |a US | ||
| 245 | 1 | 0 | |a Marketing |b <A> Contemporary Analysis |
| 250 | |a 2. ed. | ||
| 264 | 1 | |a New York |b MacGraw-Hill |c 1972 | |
| 300 | |a 776 s. | ||
| 610 | 2 | 0 | |a marketing |
| 610 | 2 | 0 | |a spotrebitelia |
| 610 | 2 | 0 | |a správanie |
| 610 | 2 | 0 | |a trh |
| 610 | 2 | 0 | |a rozhodovanie |
| 610 | 2 | 0 | |a distribúcia |
| 610 | 2 | 0 | |a obchod |
| 610 | 2 | 0 | |a manažment |
| 610 | 2 | 0 | |a informácie |
| 610 | 2 | 0 | |a podnik |